| 000 | 00673cam a22002173a 4500 | ||
|---|---|---|---|
| 001 | 9884 | ||
| 003 | PGUSA | ||
| 005 | 20140828083217.0 | ||
| 008 | 060201s2006||||xxu|||||s|||||000 | eng d | ||
| 040 |
_aPGUSA _beng |
||
| 042 | _adc | ||
| 050 | 4 | _aAP | |
| 245 | 1 | 4 |
_aThe Mirror of Literature, Amusement, and Instruction : _bVolume 10, No. 264, July 14, 1827 _h[electronic resource] / _cVarious |
| 260 |
_bProject Gutenberg, _c2006 |
||
| 506 | _aPublic domain in the USA. | ||
| 516 | _aElectronic text | ||
| 653 | _aPopular literature -- Great Britain -- Periodicals | ||
| 830 | 0 |
_aProject Gutenberg _v9884 |
|
| 856 | 4 | 0 | _uhttp://www.gutenberg.org/ebooks/9884 |
| 942 | _cEB | ||
| 999 |
_c239140 _d239140 |
||